UK Cities ending in "ford" - Statistics

General Stats
  • This quiz has been taken 64 times
  • The average score is 3 of 5
Answer Stats
Answer % Correct
Bradford
70%
Oxford
62%
Hereford
47%
Chelmsford
45%
Salford
28%
No matching quizzes found
Score Distribution
Percent of People with Each Score
Percentile by Number Answered
Your Score History
You have not taken this quiz